Stranger Things Trivia - Statistics

General Stats
  • This quiz has been taken 500 times
  • The average score is 14 of 15
Answer Stats
Question Answer % Correct
What is Eleven's favorite food? Eggos
100%
Which character has magic powers? Eleven
100%
What do the boys dress up as for Halloween at school? Ghost Buster's
100%
What online video app is it on? Netflix
100%
Who is Max's Stepbrother? Billy
99%
Who is Nancy's Brother? Mike
99%
Who plays Will? Noah Schnapp
99%
How does Joyce communicate with Will when he is taken? With Christmas Lights
99%
Who played Mike? Finn Wolfhard
98%
Where does the story occur? Indiana
98%
Which character goes missing in season 1? Will
98%
Does stranger thing have a theme tune? Yes
97%
In what decade is the Netflix original series set? 1980's
95%
How many episodes does season 1 consist of? 8
88%
When was the first episode date? 15th July 2016
65%
No matching quizzes found
Score Distribution
Percent of People with Each Score
Percentile by Number Answered
Your Score History
You have not taken this quiz